you should see me in a crown - Billie Eilish (Lyrics) - Statistics

General Stats
  • This quiz has been taken 70 times
  • The average score is 214 of 255
Answer Stats
Lyrics % Correct
a
98%
I
98%
crown
96%
Crown
96%
in
96%
me
96%
me,
96%
me)
96%
see
96%
should
96%
You
96%
you
96%
(You
96%
by
94%
I'm
92%
on
92%
One
92%
one
92%
my
90%
gonna
88%
not
88%
town
88%
nothing
85%
the
85%
this
83%
If
81%
run
81%
think
81%
time
81%
Watch
81%
watch
81%
Your
81%
your
81%
baby
79%
Bite
77%
bite
77%
'em
77%
is
77%
make
77%
pretty
77%
tongue,
77%
silence
75%
sound
75%
Come
73%
favorite
73%
over
73%
say
73%
eyes
71%
you're
71%
first
69%
ocean
69%
okay
69%
or
69%
all
67%
dying
67%
Living
67%
Scream
67%
they
67%
way
67%
which
67%
worse
67%
bow
65%
like
65%
mine
65%
Tell
65%
Wearing
65%
don't
63%
sign
63%
them
63%
these
63%
'til
63%
Wait
63%
world
63%
for
60%
inside
60%
warning
60%
Blood
58%
Fell
58%
kingdom
58%
wall
58%
fall
56%
Visions
56%
marble
54%
Sleeping
54%
Cold
52%
dream
52%
size
52%
vandalize
50%
cards,
44%
Count
42%
hearse
42%
No matching quizzes found
Score Distribution
Percent of People with Each Score
Percentile by Number Answered
Your Score History
You have not taken this quiz